probability and statistics for engineering and the sciences (Record no. 36103)
[ view plain ]
| 000 -LEADER | |
|---|---|
| fixed length control field | 00412nam a22001577a 4500 |
| 003 - CONTROL NUMBER IDENTIFIER | |
| control field | OSt |
| 005 - DATE AND TIME OF LATEST TRANSACTION | |
| control field | 20241028125848.0 |
| 008 - FIXED-LENGTH DATA ELEMENTS--GENERAL INFORMATION | |
| fixed length control field | 241028b |||||||| |||| 00| 0 eng d |
| 020 ## - INTERNATIONAL STANDARD BOOK NUMBER | |
| International Standard Book Number | 97893535506247 |
| 040 ## - CATALOGING SOURCE | |
| Transcribing agency | |
| 082 ## - DEWEY DECIMAL CLASSIFICATION NUMBER | |
| Edition number | 9 |
| Classification number | 519.5 |
| Item number | DEV |
| 245 ## - TITLE STATEMENT | |
| Title | probability and statistics for engineering and the sciences |
| Statement of responsibility, etc. | Devore,Jay L |
| 250 ## - EDITION STATEMENT | |
| Edition statement | 9 |
| 260 ## - PUBLICATION, DISTRIBUTION, ETC. | |
| Name of publisher, distributor, etc. | Cengage |
| Date of publication, distribution, etc. | 2017 |
| 942 ## - ADDED ENTRY ELEMENTS (KOHA) | |
| Source of classification or shelving scheme | Dewey Decimal Classification |
| Koha item type | BOOK |
| Edition | 9 |
| Call number prefix | 519.5 |
| Call number suffix | DEV |
| Suppress in OPAC | No |
| Withdrawn status | Lost status | Source of classification or shelving scheme | Damaged status | Not for loan | Collection | Home library | Current library | Date acquired | Cost, normal purchase price | Inventory number | Total Checkouts | Full call number | Barcode | Date last seen | Price effective from | Koha item type |
|---|---|---|---|---|---|---|---|---|---|---|---|---|---|---|---|---|
| Dewey Decimal Classification | Mathematics | Fr. Agnel's C.Rodrigues College of Engineering | Fr. Agnel's C.Rodrigues College of Engineering | 28/10/2024 | 795.00 | AO/24/10/572 dt 22.10.2024 | 519.5/DEV | 26517 | 28/10/2024 | 28/10/2024 | BOOK | |||||
| Dewey Decimal Classification | Mathematics | Fr. Agnel's C.Rodrigues College of Engineering | Fr. Agnel's C.Rodrigues College of Engineering | 28/10/2024 | 795.00 | AO/24/10/572 dt 22.10.2024 | 519.5/DEV | 26518 | 28/10/2024 | 28/10/2024 | BOOK | |||||
| Dewey Decimal Classification | Mathematics | Fr. Agnel's C.Rodrigues College of Engineering | Fr. Agnel's C.Rodrigues College of Engineering | 28/10/2024 | 795.00 | AO/24/10/572 dt 22.10.2024 | 519.5/DEV | 26519 | 28/10/2024 | 28/10/2024 | BOOK |